Giới thiệu đề thi tuyển sinh đại học & cao đẳng môn sinh học : Năm học 2001-2002 /

Spremljeno u:
Bibliografski detalji
Glavni autor: Đỗ Mạnh Hùng.
Format: Sách giấy
Jezik:Vietnamese
Izdano: Tp. Hồ Chí Minh : Nxb. Tp. Hồ Chí Minh, 2001.
Teme:
Oznake: Dodaj oznaku
Bez oznaka, Budi prvi tko označuje ovaj zapis!
Thư viện lưu trữ: Thư viện Trường Đại học Đà Lạt
LEADER 00789nam a2200301 4500
001 DLU090102390
005 ##20091221
040 # # |a DLU  |b vie 
041 # # |a vie 
044 # # |a vn 
082 # # |a 570.76  |b DO-M 
100 # # |a Đỗ Mạnh Hùng. 
245 # # |a Giới thiệu đề thi tuyển sinh đại học & cao đẳng môn sinh học :  |b Năm học 2001-2002 /  |c Đỗ Mạnh Hùng. 
260 # # |a Tp. Hồ Chí Minh :  |b Nxb. Tp. Hồ Chí Minh,  |c 2001. 
300 # # |a 176 tr. ;  |c 21 cm. 
653 # # |a Sách bài tập 
653 # # |a Sinh học 
923 # # |a 15/2009 
991 # # |a GT 
992 # # |a 11000 
994 # # |a DLU 
900 # # |a True 
911 # # |a Đào Thị Thu Huyền 
925 # # |a G 
926 # # |a A 
927 # # |a SH 
980 # # |a Thư viện Trường Đại học Đà Lạt